| 000 | 00628nam a22002057a 4500 | ||
|---|---|---|---|
| 999 |
_c183631 _d183631 |
||
| 005 | 20211230111439.0 | ||
| 010 | _aENG-130783 | ||
| 020 | _a978-93-89811-67-4 | ||
| 035 | _aEN-114315 | ||
| 037 | _bDBAD | ||
| 082 | _a346.07 | ||
| 100 | _aTulsian, PC | ||
| 245 |
_aBusiness Laws: _cPC Tulsian and Bharat Tulsian |
||
| 250 | _a4th ed. | ||
| 260 |
_aChennai _bMcGraw Hill Education Private Limited _c2020 |
||
| 270 |
_a444/1, Sri Ekambara Naicker Industrial Estate, Alapakkam, Porur _bChennai _e600116 |
||
| 300 |
_a624p. _c23cm(pbk) |
||
| 700 | _aTusian, Bharat | ||
| 942 |
_2ddc _cEN _h346.07 _mTUL _e4th ed. |
||